000 00534nam a2200181 4500
001 120052
003 ES-MaACL
005 20231216062908.0
007 t|
008 070214s1972 sp r ||||1| spa d
100 1 _aPérez de Tudela, César,
_d1940-
_990808
245 1 1 _a¿Qué pasó an el Aconcagua? /
_cCésar Pérez de Tudela.
250 _a1ª. ed.
260 _aMadrid :
_b[s.n.]1972,
_cImp. Escolar.
300 _a238 p., 12 lám. ;
_c20 cm.
852 _aES-MaACL
_jC-44787
_bR.81803
999 _c120052
_d120052